Cope's early diagnosis of the acute abdomen. (Record no. 297)

000 -LEADER
fixed length control field 01322nam a22004217a 4500
001 - CONTROL NUMBER
control field 317664268
003 - CONTROL NUMBER IDENTIFIER
control field OCoLC
005 - DATE AND TIME OF LATEST TRANSACTION
control field 20210419072912.0
008 - FIXED-LENGTH DATA ELEMENTS--GENERAL INFORMATION
fixed length control field 090327s2010 enk 001 0 eng
010 ## - LIBRARY OF CONGRESS CONTROL NUMBER
LC control number 2009013093
016 7# - NATIONAL BIBLIOGRAPHIC AGENCY CONTROL NUMBER
Record control number 101500320
Source DNLM
020 ## - INTERNATIONAL STANDARD BOOK NUMBER
International Standard Book Number 9780199730452 (pbk. : alk. paper)
020 ## - INTERNATIONAL STANDARD BOOK NUMBER
International Standard Book Number 0199730458 (pbk. : alk. paper)
035 ## - SYSTEM CONTROL NUMBER
System control number (OCoLC)317664268
040 ## - CATALOGING SOURCE
Original cataloging agency DNLM/DLC
Transcribing agency DLC
Modifying agency NLM
042 ## - AUTHENTICATION CODE
Authentication code pcc
049 ## - LOCAL HOLDINGS (OCLC)
Holding library YYEA
080 ## - UNIVERSAL DECIMAL CLASSIFICATION NUMBER
Universal Decimal Classification number 616
Item number C-78
096 ## - LOCALLY ASSIGNED NLM-TYPE CALL NUMBER (OCLC)
Classification number WI 900 S582c 2010
100 1# - MAIN ENTRY--PERSONAL NAME
Personal name Silen, William,
Dates associated with a name 1927-
245 10 - TITLE STATEMENT
Title Cope's early diagnosis of the acute abdomen.
246 30 - VARYING FORM OF TITLE
Title proper/short title Early diagnosis of the acute abdomen.
250 ## - EDITION STATEMENT
Edition statement 22nd ed. / revised by William Silen.
260 ## - PUBLICATION, DISTRIBUTION, ETC.
Place of publication, distribution, etc. Oxford ;
-- New York :
Name of publisher, distributor, etc. Oxford University Press,
Date of publication, distribution, etc. 2010.
300 ## - PHYSICAL DESCRIPTION
Extent xiv, 299 p. :
Other physical details ill. ;
Dimensions 21 cm.
365 ## - TRADE PRICE
Price amount 33.27 usd
504 ## - BIBLIOGRAPHY, ETC. NOTE
Bibliography, etc. note Includes index.
590 ## - LOCAL NOTE (RLIN)
Local note c.1 1004629x Ritt 1/4/10 $40.00.
650 #2 - SUBJECT ADDED ENTRY--TOPICAL TERM
Topical term or geographic name entry element Abdomen, Acute
General subdivision diagnosis.
650 #0 - SUBJECT ADDED ENTRY--TOPICAL TERM
Topical term or geographic name entry element Medicine
9 (RLIN) 69
650 #0 - SUBJECT ADDED ENTRY--TOPICAL TERM
Topical term or geographic name entry element Internal Medicine
9 (RLIN) 81
650 #2 - SUBJECT ADDED ENTRY--TOPICAL TERM
Topical term or geographic name entry element Digestive System Diseases
General subdivision diagnosis.
653 ## - INDEX TERM--UNCONTROLLED
Uncontrolled term დიაგნოსტიკა
653 ## - INDEX TERM--UNCONTROLLED
Uncontrolled term მედიცინა
653 ## - INDEX TERM--UNCONTROLLED
Uncontrolled term შინაგანი მედიცინა
700 1# - ADDED ENTRY--PERSONAL NAME
Personal name Cope, Zachary,
Dates associated with a name 1881-1974.
942 ## - ADDED ENTRY ELEMENTS (KOHA)
Source of classification or shelving scheme
Koha item type Books
Holdings
Withdrawn status Lost status Source of classification or shelving scheme Damaged status Not for loan Permanent location Current location Date acquired Inventory number Total Checkouts Full call number Barcode Date last seen Price effective from Koha item type
          Ken Walker International University Ken Walker International University 11/20/2020 953   616 C-78 953 11/20/2020 11/20/2020 Books
          Ken Walker International University Ken Walker International University 02/01/2021 671   616 C-78 671 02/01/2021 02/01/2021 Books

Powered by Koha